1948 1343 1931 1098 1370 1274 1840 1959 1415 1345 1307 1894 1219 1412 1124 1345 1428 1877 1447 1198 1907 1232 1683 1874 1846 1227 1029 1785 1477 1798 1393 1674 1832 1179 1525 1094 1850 1177 1518 1630 1270 1516 1979 1549 1497 1057 1491 1710 1281 1601 1266 1238 1022 1648 1468 1904 1135 1037 1721 1569 1935 1106 1357 1748 1706 1446 1044 1088 1100 1607 1013 1306 1931 1262 1931 1868 1457 1290 1792 1453 1386 1470 1584 1497 1294 1252 1615 1457 1903 1196 1550 1698 1039 1822 1025 1328 1174 1842 1356 BCNSPRNW ULIB Ver.6.0+V

เปลี่ยนเป็นภาษาไทย

Change to English
 แสดงรายละเอียดบรรณานุกรม
  กลับหน้าหลัก

Brief Record : Get Marc (ISO 2709) : E-mail record : QR code < ปิดหน้าต่าง
LEADER : 00000nam 2200000uu 4500
001    13399112614
003     ULIB
008    110829s2547||||th 000 0 tha d
020    974980001x
050  4 HQ1064.T5^bส598ค 2547
245 00 คู่มือการดำเนินงานอาสาสมัครดูแลผู้สูงอายุที่บ้าน (อผส.) (Home care)/^cสำนักส่งเสริมและพิทักษ์ผู้สูงอายุ
260    กรุงเทพฯ :^bสำนักส่งเสริมและพิทักษ์ผู้สูงอายุ สำนักงานส่งเสริมสวัดิภาพและพิทักษ์เด็ก เยาวชน ผู้ด้อยโอกาส คนพิการและผู้สูงอายุ กระทรวงการพัฒนาสังคมและความมั่นคงของมนุษย์,^c2547
300    85 หน้า ;^c21 ซม
490 0  เอกสารวิชาการ สทส ;^vลำดับที่ 4/2547
650  7 aged
650  7 health services
710 2  กระทรวงการพัฒนาสังคมและความมั่นคงของมนุษย์.^bสำนักส่งเสริมและพิทักษ์ผู้สูงอายุ
945    ^p0^l0^i018331
995    ทศพร
999 ^a ทศพร
รายการนี้ยังไม่มีแท็ก
คุณยังไม่ได้ล็อกอิน คุณสามารถมีกิจกรรมร่วมกับเว็บไซต์ได้ แต่ต้องล็อกอินก่อน ::
  ล็อกอิน

รายการสื่อสารสนเทศ

ลำดับที่ ประเภท เลขเรียก/บาร์โค้ด สถานที่ สถานะ
- ไม่พบข้อมูล -

รายการใกล้เคียง
    หัวเรื่อง [aged]
    หัวเรื่อง [health services]

BibComment


ยังไม่เคยถูกคอมเมนท์

คอมเมนท์ทรัพยากรรายการนี้
  คอมเมนท์: คู่มือการดำเนินงา..


 Copyright 2026. Bcnsprnw @Library